• 首页
  • 本馆介绍
  • 公告通知
  • 最新文献
  • 馆藏检索
  • 电子资源
  • 读者导购
  • 参考咨询
  • 我的图书馆
  • 登录
  • 详细信息显示
  • 放入我的书架
  • 预约/预借图书
  • 作者相关作品
  • 分类相关作品
  • 丛书相关作品
  • 出版社相关作品

书目信息

  • 表格格式
  • 工作单格式
  • 卡片格式
题名:
全国高等学校图书馆工作会议文集
    
 
作者: ;全国高等学校图书情报工作委员会秘书处 编
分册:  
出版信息: 大连   大连工学院出版社  1987.11
页数: 405页
开本: 20厘米
丛书名:
单 册:
中图分类: G258.6
科图分类:
主题词: 院校图书馆-图书馆工作--中国--会议资料 , 图书馆工作-高等学校--中国--会议资料
电子资源:
ISBN: 7-5611-0045-0
000 01035nam0 2200241 45
001 0188018167
005 20060809104624.78
010    @a7-5611-0045-0@dCNY3.00
020    @aCN@b88018167
100    @a19910417d1987 m y0chiy0120 ea
101 0  @achi
102    @aCN@b210000
105    @ay m 000yy
200 10 @a全国高等学校图书馆工作会议文集@Aquan guo gao deng xue xiao tu shu guan gong zuo hui yi wen ji@f全国高等学校图书情报工作委员会秘书处编@Fquan guo gao deng xue xiao tu shu qing bao gong zuo wei yuan hui mi shu chu bian
210    @a大连@c大连工学院出版社@d1987.11
215    @a405页@d20厘米
540 1  @a全国高等学校图书馆工作会议文集@Aquan guo gao deng xue xiao tu shu guan gong zuo hui yi wen ji
606    @a院校图书馆-图书馆工作@y中国@x会议资料
606    @a图书馆工作-高等学校@y中国@x会议资料
690    @aG258.6@v1980
711 02 @a全国高等学校图书情报工作委员会秘书处@Aquan guo gao deng xue xiao tu shu qing bao gong zuo wei yuan hui mi shu chu@4编
801  0 @aCN@bTSSF@c20060809
905    @a10447@dG258.6@e25
    
    全国高等学校图书馆工作会议文集/全国高等学校图书情报工作委员会秘书处编.-大连:大连工学院出版社,1987.11
    405页;20厘米
    
    
    ISBN 7-5611-0045-0:CNY3.00
    
●
相关链接 在E读中查询图书 在五车中查询图书 在当当中查询图书 在豆瓣中查询图书


正题名:全国高等学校图书馆工作会议文集     索取号:G258.6/25         预约/预借

序号 登录号 条形码 馆藏地/架位号 状态 备注
1 0449982   204499827   密集书库/ [索取号:G258.6/25] 在馆    
唐山师范学院图书馆 欢迎您!
大连网信软件有限公司© 版权所有